Welcome to the Holygrace Academy Library

Please use search bar below to get started

ONE ACT PLAYS OF OUR TIME (Record no. 3512)

MARC details
000 -LEADER
fixed length control field 00218nam a22001097a 4500
082 ## - DEWEY DECIMAL CLASSIFICATION NUMBER
Classification number 823
Item number KUM/O
100 ## - MAIN ENTRY--AUTHOR NAME
Personal name KUMAR,S . K
245 ## - TITLE STATEMENT
Title ONE ACT PLAYS OF OUR TIME
300 ## - PHYSICAL DESCRIPTION
Number of Pages 162
650 ## - SUBJECT ADDED ENTRY--TOPICAL TERM
Topical Term PLAY
Geographic subdivision INDIA
942 ## - ADDED ENTRY ELEMENTS (KOHA)
Koha item type Books
Holdings
Withdrawn status Lost status Collection code Home library Current library Shelving location Date acquired Source of acquisition Cost, normal purchase price Full call number Accession Number Koha item type
    Fiction Main Library Main Library SHELF 16-A- ENGLISH LITERATURE COLLECTION OF WORKS 28/11/2012 PURCHASE 3.80 823 KUM/O 03713 Books